| 000 | 00600nam a2200145Ia 4500 | ||
|---|---|---|---|
| 008 | 100204s9999 xx 000 0 und d | ||
| 082 | _b22924 | ||
| 100 | _aदेसाई जयश्री | ||
| 245 | _aशापित सौंदर्यभूमी पूर्वाचल | ||
| 260 |
_b"चंद्र्रकला प्रकाशन , पुणे 1" _c1997 |
||
| 300 | _a127 | ||
| 630 | _aशापित सौंदर्यभूमी पूर्वाचल | ||
| 730 | _aशापित सौंदर्यभूमी पूर्वाचल | ||
| 942 | _cBOOK | ||
| 999 |
_c468033 _d468030 |
||